000 00602nam a2200193Ia 4500
005 20250508170040.0
008 008 250505s9999 xx 000 0 eng d
037 _aTheses
040 _aFEDL
_beng
_cFEDL
041 _aeng
_2eng
084 _a507, RAM/TH
_qFEDL
100 _aRamanathan Susmita
_9537231
245 0 _aScience teaching in classrooms and its implication for the teacher educaiton programme
260 _c2004
300 _a376p.
546 _aPh.D Thesis (Delhi University); Giftedt by Prof. Bharaty Baveja
942 _cTH
_h507, RAM/TH
999 _c1398925
_d1398925